Statistics for One Word Movie Titles #1

Click here to take the quiz!

General Stats

  • This quiz has been taken 638 times
  • The average score is 19 of 30

Answer Stats

Hint Answer % Correct
Leo DiCaprio and Kate Winslet fall in love during a maritime disaster.Titanic
96%
A house, a boy scout, an old man, a dog and lots of balloons.Up
92%
A talking teddy bear interferes with his adult owner's relationships.Ted
90%
A story about a giant great white shark.Jaws
89%
Apollo Creed won the fight, but Sly Stallone wins self-respect.Rocky
86%
A pig learns to herd sheep.Babe
84%
A team of scientists hunts ghosts in New York City.Ghostbusters
84%
Tom Hanks is a child in a man's body.Big
81%
Famous for its deadly shower scene. Don't stay at the motel.Psycho
80%
Spartans hold a pass against a vast Persian army.300
79%
A reptilian foe destroys a city or defends it, depending on the version.Godzilla
78%
Mel Gibson vows to never give up his freedom.Braveheart
76%
A film depicting the struggles of the 16th American president.Lincoln
74%
The first installation of the caped crusader's franchise.Batman
70%
Disney's version of John Smith's expedition to Virginia.Pocahontas
65%
Humphrey Bogart and Ingrid Bergman in Morocco.Casablanca
65%
Al Pacino takes over a drug cartel and succumbs to greed.Scarface
64%
James Bond returns to his childhood home.Skyfall
62%
Angelina Jolie channels Princess Aurora's nemesis.Maleficent
61%
Salieri describes his memories of Mozart from an asylum.Amadeus
51%
True story of a CIA rescue operation in Iran.Argo
50%
Story of a cantankerous WWII American general.Patton
48%
A slave leads a revolt against the Roman Empire.Spartacus
48%
A man with short-term memory loss attempts to find his wife's killer.Memento
45%
A disabled veteran finds a new purpose in life on an alien world.Avatar
43%
Oscar-winning interwoven stories of race, loss and redemption in LA.Crash
40%
Clint Eastwood reluctantly takes one last gunslinging job.Unforgiven
30%
Two middle-aged men visit California wineries.Sideways
27%
A man has a six-foot tall invisible rabbit for a best friend.Harvey
24%
A detective struggles with acrophobia and an obsession with his friend's wife.Vertigo
17%

Score Distribution

Percentile by Number Answered

Percent of People with Each Score

Your Score History

You have not taken this quiz